Normal view
MARC view
- Fundamentals of Short range FM Radar
Entry Topical Term
001 - CONTROL NUMBER
- control field: 124880
003 - CONTROL NUMBER IDENTIFIER
- control field: NUST
005 - DATE AND TIME OF LATEST TRANSACTION
- control field: 20240730120657.0
008 - FIXED-LENGTH DATA ELEMENTS
- fixed length control field: 240730|| aca||aabn | a|a d
040 ## - CATALOGING SOURCE
- Original cataloging agency: NUST
- Transcribing agency: NUST
150 ## - HEADING--TOPICAL TERM
- Topical term or geographic name entry element: Fundamentals of Short range FM Radar
670 ## - SOURCE DATA FOUND
- Source citation: Work cat.: (NUST): Igor V. Komoprov 124878, Fundamentals of Short range FM Radar , 2003.
